000 00451nam a2200181Ia 4500
003 OSt
005 20230525100043.0
008 210210b1906 xxu||||| |||| 00| 0 eng d
040 _cAL
041 _aFrench
082 _a444/403
100 _aBERTENSHAW (T H)
_9113459
245 _aLongmans French course: grammar complete
260 _aLondon
_bLongman Green & Co Ltd.,
_c1906
690 _aFrench
_9113460
906 _a006598
942 _2ddc
_cBK
999 _c129587
_d129587